さいたま市の難読地名 - Statistics

General Stats
  • This quiz has been taken 117 times
    102 since last reset
  • The average score is 7 of 20
Answer Stats
所在区 町名 読み方 % Correct
浦和区 本太 もとぶと
56%
北区 今羽町 こんばちょう
56%
北区 東大成町 ひがしおおなりちょう
56%
緑区 道祖土 さいど
48%
南区 鹿手袋 しかてぶくろ
41%
西区 水判土 みずはた
33%
見沼区 宮ヶ谷塔 みやがやとう
31%
中央区 円阿弥 えんなみ
31%
西区 西遊馬 にしあすま
30%
緑区 太田窪 だいたくぼ
30%
桜区 栄和 さかわ
30%
南区 文蔵 ぶぞう
29%
緑区 玄蕃新田 げんばしんでん
29%
桜区 神田 じんで
27%
桜区 新開 しびらき
27%
南区 曲本 まがもと
25%
西区 清河寺 せいがんじ
22%
見沼区 風渡野 ふっとの
20%
岩槻区 釣上 かぎあげ
16%
西区 植田谷本村新田 うえたやほんむらしんでん
14%
No matching quizzes found
Score Distribution
Percent of People with Each Score
Percentile by Number Answered
Your Score History
You have not taken this quiz since the last reset